| 000 | 00660nam a22001937a 4500 | ||
|---|---|---|---|
| 999 |
_c167436 _d167436 |
||
| 005 | 20190902163542.0 | ||
| 010 | _aENG-126399 | ||
| 020 |
_c500.00 _a978-93-89146-21-9 |
||
| 035 | _aEN-109931 | ||
| 037 | _bDBAD/PUB | ||
| 082 | _a370 | ||
| 100 | _aBaluchamy,S | ||
| 245 |
_aImapct Of National Institute Of Open Schooling Programme/ _cby S.Baluchamy (and) T.S.Bala Gomala |
||
| 260 |
_bShanlax _aTamil Nadu _c2019 |
||
| 270 |
_bMadurai _a61,66T.P.K. Main Road Vasantha Nager _e625003 _k0452-4208765,7639303383 _mpublisher@shanlaxpublicationsl.com |
||
| 300 |
_a120p. _c22cm(hb) |
||
| 700 | _a Gomala, T.S.Bala | ||
| 942 |
_2ddc _cEN _h370 _mBAL |
||